Características Acústicas de Recintos Especiales
| Main Author: | |
|---|---|
| Format: | Section = Libro |
| Language: | Undetermined Spanish |
| Published: |
México
[s.e.]
1982
|
| Subjects: |
| LEADER | 00651nam a2200229Ia 4500 | ||
|---|---|---|---|
| 008 | 240830s9999 xx 000 0 und d | ||
| 020 | |a 84-600-2540-3 | ||
| 040 | |a B-ESTELÍ- RUACS / 620.21 R294 | ||
| 041 | |a spa | ||
| 082 | |a 620.21 R294 | ||
| 100 | 1 | |a Recuero López, Manuel | |
| 245 | 1 | 0 | |a Características Acústicas de Recintos Especiales |
| 260 | |a México |b [s.e.] |c 1982 | ||
| 300 | |a 790 p. :il | ||
| 650 | 7 | |a MECÁNICA DE MATERIALES | |
| 650 | 7 | |b TORSION | |
| 650 | 7 | |c DEFORMACIONES MECÁNICAS | |
| 650 | 7 | |d DEFLEXION DE VIGAS | |
| 650 | 7 | |e COLUMNAS. I. Johnston, Russell. Coaut. I | |
| 942 | |c BK |2 ddc | ||
| 991 | |a TEXTO | ||
| 999 | |c 11186 | ||